书目信息 |
| 题名: |
新征程中的创新驱动发展战略
|
|
| 作者: | 杨其静 , 刘小鲁 | |
| 分册: | ||
| 出版信息: | 北京 中国人民大学出版社 2022.09 |
|
| 页数: | 217页 | |
| 开本: | 20cm | |
| 丛书名: | ||
| 单 册: | ||
| 中图分类: | F120.4 | |
| 科图分类: | ||
| 主题词: | 经济--中国 | |
| 电子资源: | ||
| ISBN: | 7-300-30975-5 | |
| 000 | 00664nam0 2200205 450 | |
| 001 | 2461953258 | |
| 005 | 20240909171524.76 | |
| 010 | @a7-300-30975-5@dCNY49.00 | |
| 100 | @a20240909d2022 km y0chiy0120 ea | |
| 101 | 0 | @achi |
| 102 | @aCN@b110000 | |
| 200 | 1 | @a新征程中的创新驱动发展战略@AXin Zheng Cheng Zhong De Chuang Xin Qu Dong Fa Zhan Zhan Lue@f杨其静,刘小鲁@FYang Qi Jing,Liu Xiao Lu |
| 210 | @a北京@c中国人民大学出版社@d2022.09 | |
| 215 | @a217页@d20cm | |
| 606 | 0 | @a经济@x中国 |
| 690 | @aF120.4@v4 | |
| 701 | 0 | @a杨其静@AYang Qi Jing |
| 701 | 0 | @a刘小鲁@ALiu Xiao Lu |
| 801 | 0 | @aCN@b大连网信软件有限公司图书馆·11@c20240909 |
| 905 | @aZUCC@dF120.4@e320 | |
| 新征程中的创新驱动发展战略/杨其静,刘小鲁.-北京:中国人民大学出版社,2022.09 |
| 217页;20cm |
| ISBN 7-300-30975-5:CNY49.00 |
| ● |
| 相关链接 |
|
|
|
|
正题名:新征程中的创新驱动发展战略
索取号:F120.4/320
 
预约/预借
| 序号 | 登录号 | 条形码 | 馆藏地/架位号 | 状态 | 备注 |
| 1 | 1053553 | 210535535 | 第一样本阅览室/ [索取号:F120.4/320] |
已借出,限还日期为2034.09.11 借出人:宋晓敏 |